000
00260nam a22001217a 4500
082
_a
823
_b
SYA/A
100
_a
SYAMALA, S
245
_a
ADV OF PRINCE DIVYENDU
260
_a
DELHI
_b
RUPA & CO
_c
2004
300
_a
68
650
_a
ENGLISH STORY
_z
INDIA
942
_c
BK
999
_c
7417
_d
7417